|
|
|
|
| LEADER |
00000cam a2200000 a 4500 |
| 001 |
vtls011585383 |
| 003 |
SK-MaSNL |
| 005 |
20260301180836.0 |
| 008 |
240318s2016 xo o g n 001 0bslo |
| 015 |
|
|
|a SNBA2017/01
|
| 020 |
|
|
|a 9788055147086
|q (viaz.)
|
| 035 |
|
|
|a 2C5E8D68-4865-4FAB-9057-2BE580DA8E52
|
| 035 |
|
|
|a urn:nbn:sk:snk-amycji
|
| 035 |
|
|
|a urn:nbn:sk:snk-am00cfnn
|
| 040 |
|
|
|a SNK
|b slo
|c SNK
|e AACR2
|
| 041 |
1 |
|
|a slo
|h eng
|
| 043 |
|
|
|a e-ur---
|
| 044 |
|
|
|a xo
|c SK
|
| 072 |
|
7 |
|a 929
|x Biografie
|2 konspekt
|
| 080 |
|
|
|a 929
|2 2011
|
| 080 |
|
|
|a 32-051-055.62
|2 2011
|
| 080 |
|
|
|a (47+57)
|2 2011
|
| 080 |
|
|
|a (092)
|2 2011
|
| 100 |
1 |
|
|a Sullivan, Rosemary
|4 aut
|9 552615
|
| 240 |
1 |
0 |
|a Stalin's daughter: the extraordinary and tumultuous life of Svetlana Alliluyeva
|l Slovensky
|
| 245 |
1 |
0 |
|a Stalinova dcéra
|b nevšedný a strastiplný život Svetlany Allilujevovej
|c Rosemary Sullivanová ; preložil Peter Fridner
|
| 260 |
|
|
|a Bratislava
|b Ikar
|c 2016
|
| 300 |
|
|
|a 671 s.
|b fotogr.
|c 24 cm
|
| 500 |
|
|
|a Preložené z angličtiny
|
| 504 |
|
|
|a Bibliografia na strane 647-654 ; odkazy a poznámky na strane 595-646 ; register ; skratky a názvy citovaných archívov
|
| 600 |
1 |
7 |
|a Allilujeva, Svetlana Josifovna,
|d 1926-
|2 SNKMA
|9 552616
|
| 648 |
|
7 |
|a 20.-21. stor.
|2 SNKPH
|9 270701
|
| 648 |
|
7 |
|a 20th-21st centuries
|2 SNKPHeng
|9 285312
|
| 650 |
0 |
7 |
|a deti politikov
|2 SNKPH
|9 4680
|
| 650 |
0 |
7 |
|a Children of politicians
|2 SNKPHeng
|9 316633
|
| 651 |
|
7 |
|a Sovietsky zväz
|2 SNKPH
|9 22126
|
| 651 |
|
7 |
|a Soviet Union
|2 SNKPHeng
|9 277091
|
| 655 |
|
7 |
|a biografie
|2 SNKPH
|9 27965
|
| 655 |
|
7 |
|a Biography
|2 SNKPHeng
|9 266314
|
| 700 |
1 |
|
|a Fridner, Peter
|4 trl
|9 397406
|
| 852 |
|
|
|a Štátna vedecká knižnica v Banskej Bystrici
|
| 919 |
|
|
|a 978-80-551-4708-6
|
| 958 |
|
|
|a NB
|
| 958 |
|
|
|a BC
|
| 958 |
|
|
|a OP
|
| 968 |
|
|
|b ENG
|
| 999 |
|
|
|c 847831
|d 849761
|
| 952 |
|
|
|a SNK
|b SNK
|y PREZ
|7 0
|p 17A1218197
|o snkSC 172016
|i snk2016/26248
|8 0
|0 0
|1 0
|4 0
|d 2016-11-09
|f 1
|l 0
|r 2025-09-10 00:00:00
|w 2026-02-24
|
| 952 |
|
|
|a SNK
|b SNK
|y VYP
|7 0
|p 17A1218196
|o snkSC 172016 D1
|i snk2016/26249
|8 0
|0 0
|1 0
|4 0
|d 2016-11-09
|l 0
|r 2026-02-24 04:32:20
|w 2026-02-24
|